|
|
|
|
| LEADER |
00000nam0a2200000 4500 |
| 001 |
182243 |
| 005 |
20231101223657.0 |
| 010 |
|
|
|a 9785699264384
|
| 035 |
|
|
|a (RuTPU)RU\TPU\book\197555
|
| 090 |
|
|
|a 182243
|
| 100 |
|
|
|a 20100618d2009 km y0rusy50 ca
|
| 101 |
1 |
|
|a rus
|c eng
|
| 102 |
|
|
|a RU
|
| 105 |
|
|
|a y z 001zy
|
| 200 |
1 |
|
|a Управленческая мудрость, рожденная из ошибок топ-менеджеров
|e пер. с англ.
|f Дж. Пфеффер
|
| 210 |
|
|
|a Москва
|c Эксмо
|d 2009
|
| 215 |
|
|
|a 240 с.
|
| 225 |
1 |
|
|a Библиотека управление компанией
|
| 320 |
|
|
|a Библиогр.: с. 219-238.
|
| 330 |
|
|
|a Почему так много компаний, во главе которых стоят очень умные, трудолюбивые и целеустремленные люди, прилагающие все усилия для того, чтобы делать все правильно, допускают так много ошибок? Проанализировав самые распространненые ошибки руководителей компаний, Джеффри Пфеффер предлагает свои рецепты их предотвращения. Именитый автор доказывает ошибочность многих управленческих установок, используя реальные примеры из истории всемирно известных компаний. Взамен автор предлагает нестандартные методы решения традиционных управленческих проблем. Эта книга поможет вам научиться мыслить по-новому. Полученные знания в сочетании с вашим опытом и квалификацией помогут повысить эффективность принимаемых решений. Книга будет полезна менеджерам и собственникам бизнеса, то есть всем, кому приходится принимать ответственные решения, отыскивая истину в беспорядочном потоке противоречивой и часто неточной информации.
|
| 606 |
1 |
|
|a Менеджмент
|2 stltpush
|3 (RuTPU)RU\TPU\subj\42098
|9 61850
|
| 610 |
1 |
|
|a управление
|
| 610 |
1 |
|
|a управленческая мысль
|
| 610 |
1 |
|
|a управленческие технологии
|
| 610 |
1 |
|
|a ошибки
|
| 610 |
1 |
|
|a топ-менеджеры
|
| 610 |
1 |
|
|a персонал
|
| 610 |
1 |
|
|a самоуправление
|
| 610 |
1 |
|
|a управленческие кадры
|
| 610 |
1 |
|
|a заработная плата
|
| 610 |
1 |
|
|a управленческие стратегии
|
| 610 |
1 |
|
|a слияние
|
| 610 |
1 |
|
|a прибыль на акцию
|
| 686 |
|
|
|a У821
|v LBC/SL-A
|2 rubbk
|
| 700 |
|
1 |
|a Пфеффер
|b Дж.
|g Джеффри
|
| 801 |
|
1 |
|a RU
|b 63413507
|c 20100618
|
| 801 |
|
2 |
|a RU
|b 63413507
|c 20150518
|g RCR
|
| 942 |
|
|
|c BK
|
| 959 |
|
|
|a 43/20100617
|d 2
|e 392,31
|f АНЛ:1
|f ЧЗГЛ:1
|